000 00325 a2200109 4500
001 ART_18555
005 20260410161703.0
008 260409a
245 1 0 _aQuitas concursales en el impuesto a las ganancias
100 1 _aColaneri, Horacio A.
773 0 _tRevista Impuestos
_g- NÂș 3 (mar. 2011)
_wREV639
999 _c15335
_d15335